Adam Smith y sistemas dinámicos /

Kaydedildi:
Detaylı Bibliyografya
Yazar: Acuña, Osvaldo
Diğer Yazarlar: Ulate, Fernán
Materyal Türü: Metin
Konular:
Etiketler: Etiketle
Etiket eklenmemiş, İlk siz ekleyin!

MARC

LEADER 00000 a a2200000 04500
001 3042
003
040
100 |a Acuña, Osvaldo  
245 |a Adam Smith y sistemas dinámicos /  |c Osvaldo Acuña ; Fernán Ulate 
650 |a ASPECTOS ECONOMICOS  
650 |a ECONOMIA  
650 |a TEORIA  
650 |a PRECIOS  
650 |a ECONOMIA MUNDIAL  
700 |a Ulate, Fernán  
773 |g volumen 26, número 1; páginas 171-185  
999 |c 34466  |d 34466